Analiz tendencij razvitija otraslevych rynkov truda v regionach Slovakii v period transformacii

Analýza rozvoja trhu práce v jednotlivých oblastiach slovenskej ekonomiky v období transformácie. Zamestnanosť v oblasti poľnohospodárstva, priemyslu a služieb podľa jednotlivých regiónov. Sledované obdobie: 1995-2004.

Na minha lista:
Detalhes bibliográficos
Autor principal: Raevneva, E. V.
Outros Autores: Dubrovina, Nadiya, 1972-, Neubauerová, Erika, 1968-
Formato: Capítulo de Livro
Idioma:russo
Assuntos:
Tags: Adicionar Tag
Sem tags, seja o primeiro a adicionar uma tag!

MARC

LEADER 00000naa$a2200000$$$4500
001 0098366
005 20240502083244.7
041 0 |a rus 
044 |a UA 
245 1 0 |a Analiz tendencij razvitija otraslevych rynkov truda v regionach Slovakii v period transformacii  |c E. V. Raevneva, N. A. Dubrovina, Erika Neubauerová 
520 |a Analýza rozvoja trhu práce v jednotlivých oblastiach slovenskej ekonomiky v období transformácie. Zamestnanosť v oblasti poľnohospodárstva, priemyslu a služieb podľa jednotlivých regiónov. Sledované obdobie: 1995-2004. 
610 2 0 |a trh práce 
610 2 0 |a zamestnanosť 
610 2 0 |a odvetvia činnosti ekonomickej 
610 2 0 |a poľnohospodárstvo 
610 2 0 |a priemysel 
610 2 0 |a služby 
610 2 0 |a regióny 
610 2 0 |a transformácia 
610 2 0 |a Slovensko 
100 1 |a Raevneva, E. V. 
700 1 |a Dubrovina, Nadiya, 1972- 
700 1 |a Neubauerová, Erika, 1968-